Đóng góp tiền từ cộng đồng cho phát triển cơ sở hạ tầng giao thông nông thôn tỉnh Đồng Nai

Bewaard in:
Bibliografische gegevens
Hoofdauteur: Nguyễn, Xuân Quyết
Formaat: Boek
Taal:Undetermined
Onderwerpen:
Online toegang:http://lrc.tdmu.edu.vn/opac/search/detail.asp?aID=2&ID=35268
Tags: Voeg label toe
Geen labels, Wees de eerste die dit record labelt!
Thư viện lưu trữ: Trung tâm Học liệu Trường Đại học Thủ Dầu Một
LEADER 00702nam a2200145Ia 4500
001 TDMU_35268
008 210410s9999 xx 000 0 und d
082 |a 333.76 
100 |a Nguyễn, Xuân Quyết 
245 0 |a Đóng góp tiền từ cộng đồng cho phát triển cơ sở hạ tầng giao thông nông thôn tỉnh Đồng Nai 
245 0 |c Nguyễn Xuân Quyết 
300 |a Tr.43-45 
650 |a Chính trị - Xã hội; Cộng đồng; Cơ sở hạ tầng; Giao thông nông thôn; Đồng Nai 
856 |u http://lrc.tdmu.edu.vn/opac/search/detail.asp?aID=2&ID=35268 
980 |a Trung tâm Học liệu Trường Đại học Thủ Dầu Một